Guess the Asian City - Statistics

General Stats
  • This quiz has been taken 45 times
    43 since last reset
  • The average score is 15 of 20
Answer Stats
Hint Answer % Correct
Easternmost Asian Capital Tokyo
97%
Capital of the Most Populous Country in Asia Beijing
94%
Asian City home to the Petronas Towers Kuala Lumpur
91%
Most Populous Asian City (City Proper) Shanghai
88%
Asian city home to the world's tallest building Dubai
85%
Largest City in Pakistan Karachi
85%
Asian City which is named after a person who was in the Vietnamese independence movement Ho Chi Minh City
82%
Easternmost Asian City state Singapore
82%
Asian city home to the most densely populated slums in the world Mumbai
79%
Westernmost Asian Capital Ankara
73%
Damascus
73%
Capitals of the four Asian Countries currently undergoing a civil war Baghdad
67%
Most Populous Asian City (Urban Area) Guangzhou
67%
South-east Asian city which is currently sinking Jakarta
67%
Kabul
67%
Sana'a
67%
Southernmost Asian Capital Dili
64%
Capital of the Least Populous Country in Asia Malé
64%
Northernmost Asian Capital Nur-Sultan
64%
Capital of Sri Lanka Sri Jayewardenepura Kotte
55%
No matching quizzes found
Score Distribution
Percent of People with Each Score
Percentile by Number Answered
Your Score History
You have not taken this quiz since the last reset